Detalles MARC
| 000 -CABECERA |
| campo de control de longitud fija |
01721nam a2200337 i 4500 |
| 001 - NÚMERO DE CONTROL |
| campo de control |
000027446 |
| 003 - IDENTIFICADOR DEL NÚMERO DE CONTROL |
| campo de control |
DO-SdBNP |
| 005 - FECHA Y HORA DE LA ÚLTIMA TRANSACCIÓN |
| campo de control |
20250116073944.0 |
| 007 - CAMPO FIJO DE DESCRIPCIÓN FÍSICA--INFORMACIÓN GENERAL |
| campo de control de longitud fija |
ta |
| 008 - DATOS DE LONGITUD FIJA--INFORMACIÓN GENERAL |
| campo de control de longitud fija |
110331s1993 dr acd f001 0 spa d |
| 040 ## - FUENTE DE LA CATALOGACIÓN |
| Centro catalogador/agencia de origen |
DO-SdBNP |
| Lengua de catalogación |
spa |
| Centro/agencia transcriptor |
BNPHU |
| Normas de descripción |
rda |
| 082 #4 - NÚMERO DE LA CLASIFICACIÓN DECIMAL DEWEY |
| Número de clasificación |
379.7293 |
| Número de documento/Ítem |
C749m |
| Número de edición |
22 |
| 111 1# - ENTRADA PRINCIPAL--NOMBRE DE CONGRESO/REUNIÓN |
| Nombre de congreso/reunión o jurisdicción como elemento de entrada |
Congreso Nacional del Plan Decenal de Educación |
| Fecha del congreso/reunión |
(1992: 2-4 diciembre |
| Sede del congreso/Lugar de la reunión |
Santo Domingo, República Dominicana) |
| 9 (RLIN) |
54513 |
| 245 10 - MENCIÓN DE TÍTULO |
| Título |
Memorias del Congreso Nacional del Plan Decenal. |
| 264 ## - PRODUCCIÓN, PUBLICACIÓN, DISTRIBUCIÓN, FABRICACIÓN Y COPYRIGHT |
| Producción, publicación, distribución, fabricación y copyright |
Santo Domingo : |
| Nombre del de productor, editor, distribuidor, fabricante |
de Colores, |
| Fecha de producción, publicación, distribución, fabricación o copyright |
1993. |
| 300 ## - DESCRIPCIÓN FÍSICA |
| Extensión |
242 páginas : |
| Otras características físicas |
ilustraciones, gráficos, retratos, tablas ; |
| Dimensiones |
24 cm. |
| 336 ## - TIPO DE CONTENIDO |
| Fuente |
rdacontent |
| Término de tipo de contenido |
texto |
| Código de tipo de contenido |
txt |
| 337 ## - TIPO DE MEDIO |
| Fuente |
rdamedia |
| Nombre/término del tipo de medio |
sin mediación |
| Código del tipo de medio |
n |
| 338 ## - TIPO DE SOPORTE |
| Fuente |
rdacarrier |
| Nombre/término del tipo de soporte |
volumen |
| Código del tipo de soporte |
nc |
| 490 ## - MENCIÓN DE SERIE |
| Mención de serie |
A |
| -- |
Documento |
| Designación de volumen o secuencia |
6 |
| 505 0# - NOTA DE CONTENIDO CON FORMATO |
| Nota de contenido con formato |
Introducción -- |
| Título |
Un proceso de toma de conciencia -- |
| -- |
Preparando el gran encuentro por la educación y la patria -- |
| -- |
El sonido de las campañas anuncian el gran compromiso -- |
| -- |
Como abejas construyendo el panal -- |
| -- |
El compromiso -- |
| -- |
La cultura popular se eleva a lo nacional -- |
| -- |
El final de un nuevo comienzo -- |
| Información miscelánea |
Anexos. |
| 590 ## - NOTA LOCAL (RLIN) |
| Nota local |
Inventariado, 2018/ YL |
| 650 #4 - PUNTO DE ACCESO ADICIONAL DE MATERIA--TÉRMINO DE MATERIA |
| Término de materia o nombre geográfico como elemento de entrada |
Planificación educativa |
| Subdivisión general |
Congresos, conferencias, etc. |
| 9 (RLIN) |
44569 |
| 650 #4 - PUNTO DE ACCESO ADICIONAL DE MATERIA--TÉRMINO DE MATERIA |
| Término de materia o nombre geográfico como elemento de entrada |
Planificación estratégica |
| 9 (RLIN) |
2433 |
| 650 #4 - PUNTO DE ACCESO ADICIONAL DE MATERIA--TÉRMINO DE MATERIA |
| Término de materia o nombre geográfico como elemento de entrada |
Desarrollo educativo |
| Subdivisión general |
Congresos, conferencias, etc. |
| 9 (RLIN) |
44570 |
| 650 #4 - PUNTO DE ACCESO ADICIONAL DE MATERIA--TÉRMINO DE MATERIA |
| Término de materia o nombre geográfico como elemento de entrada |
Política de educacion superior |
| Subdivisión geográfica |
República Dominicana |
| Subdivisión general |
Congresos, conferencias, etc. |
| 9 (RLIN) |
44571 |
| 650 #4 - PUNTO DE ACCESO ADICIONAL DE MATERIA--TÉRMINO DE MATERIA |
| Término de materia o nombre geográfico como elemento de entrada |
Educación |
| Subdivisión geográfica |
República Dominicana |
| Subdivisión general |
Congresos, conferencias, etc. |
| 9 (RLIN) |
35900 |
| 710 1# - PUNTO DE ACCESO ADICIONAL--NOMBRE DE ENTIDAD CORPORATIVA |
| Nombre de entidad corporativa o nombre de jurisdicción como elemento de entrada |
República Dominicana. |
| Unidad subordinada |
Secretaría de Estado de Educación, Bellas Artes y Cultos |
| 9 (RLIN) |
23965 |
| 910 ## - DATOS DE OPCIÓN DEL USUARIO (OCLC) |
| Datos de opción del usuario |
Validado. Control de calidad EMS |
| 942 ## - ELEMENTOS DE PUNTO DE ACCESO ADICIONAL (KOHA) |
| Fuente del sistema de clasificación o colocación |
Dewey Decimal Classification |
| Tipo de ítem Koha |
Libro |